[Event "SVK-chT4 A21 2223"]
[Site "Slovakia"]
[Date "2023.02.12"]
[Round "8.1"]
[White "Kicinja, Jan"]
[Black "Blatnicky, Miroslav"]
[Result "1/2-1/2"]
[WhiteElo "1849"]
[BlackElo "2128"]
[PlyCount "79"]
[EventDate "2022.10.09"]
[EventType "team-tourn"]
[EventRounds "11"]
[EventCountry "SVK"]
[SourceTitle "EXT 2024"]
[Source "ChessBase"]
[SourceDate "2023.10.10"]
[SourceVersion "1"]
[SourceVersionDate "2023.10.10"]
[SourceQuality "1"]
[WhiteTeam "Smolenice"]
[BlackTeam "Vrbove"]
[WhiteTeamCountry "SVK"]
[BlackTeamCountry "SVK"]

1. d4 d5 2. c4 c6 3. e3 Bf5 4. Nc3 e6 5. a3 Nd7 6. Nf3 Bd6 7. h3 Rc8 8. c5 Bb8 9. Bd3 Ne7 10. Nh4 Bxd3 11. Qxd3 e5 12. g3 0-0 13. b4 f5 14. f4 g5 15. Ng2 exf4 16. exf4 gxf4 17. Bxf4 Ng6 18. Bxb8 Rxb8 19. Ne2 b6 20. 0-0 Qg5 21. Nef4 Rfe8 22. Rae1 Re4 23. Rxe4 fxe4 24. Qe3 bxc5 25. bxc5 Rf8 26. Rf2 Ne7 27. Ne6 Qxe3 28. Nxe3 Rb8 29. Ng4 h5 30. Nh6+ Kh7 31. Rf7+ Kxh6 32. Rxe7 Nf8 33. Nxf8 Rxf8 34. Re6+ Kg7 35. Rxc6 Rf3 36. Kg2 Rd3 37. Rd6 Rxd4 38. c6 Rd2+ 39. Kf1 h4 40. gxh4 1/2-1/2

[Event "SVK-chT4 A21 2223"]
[Site "Slovakia"]
[Date "2023.01.15"]
[Round "6.1"]
[White "Kicinja, Jan"]
[Black "Havalda, Samuel"]
[Result "0-1"]
[WhiteElo "1849"]
[BlackElo "1877"]
[PlyCount "96"]
[EventDate "2022.10.09"]
[EventType "team-tourn"]
[EventRounds "11"]
[EventCountry "SVK"]
[SourceTitle "EXT 2024"]
[Source "ChessBase"]
[SourceDate "2023.10.10"]
[SourceVersion "1"]
[SourceVersionDate "2023.10.10"]
[SourceQuality "1"]
[WhiteTeam "Smolenice"]
[BlackTeam "Chtelnica Kamenar"]
[WhiteTeamCountry "SVK"]
[BlackTeamCountry "SVK"]

1. d4 d5 2. c4 dxc4 3. Nc3 a6 4. a4 e5 5. dxe5 Qxd1+ 6. Nxd1 Nc6 7. Bf4 Nd4 8. Ra2 Be6 9. Nc3 Rd8 10. f3 Bc5 11. Kf2 Ne7 12. e4 Ng6 13. Kg3 Be7 14. h4 h6 15. Nd5 Bxh4+ 16. Rxh4 Nxh4 17. Nxc7+ Ke7 18. Nxe6 fxe6 19. Bxc4 Rc8 20. Bd3 g5 21. Be3 Nc2 22. Ba7 Rhd8 23. Be2 Rd2 24. b3 Rc3 25. Bb6 Rc6 26. Ba5 Rd7 27. Bc4 Ne3 28. Bb4+ Kf7 29. Be2 Rb6 30. Bd6 Rxb3 31. Kf2 Nexg2 32. Rc2 Nf4 33. Rc8 Nhg6 34. Bc4 Rb6 35. Ne2 Rb2 36. Ke3 b5 37. axb5 axb5 38. Rb8 Ra7 39. Bxb5 Rb3+ 40. Kf2 Rxb5 41. Rxb5 Ra2 42. Rb7+ Ke8 43. Rh7 Rxe2+ 44. Kf1 h5 45. Rg7 Ra2 46. Rg8+ Kf7 47. Rb8 h4 48. Rf8+ Nxf8 0-1